000 00426nam a2200181 a 4500
001 1758716318069
003 ACL
005 20250924175547.0
008 250924s2009##################000#0#eng##
020 _a9781422204887
082 0 4 _a796.357092
_bROD
100 1 _aClark, Travis,
_eauthor.
245 1 0 _aAlex Rodriguez :
260 _c2009.
650 0 _aBaseball players.
942 _cENGLISH
040 _aACL
_beng
_cACL
999 _c589461
_d589461